000 00264nam a22001217a 4500
082 _a494
_bPRE/Y
100 _aPREETHAM,AMRUTHA
245 _aYEH KALAM YEH KAGAZ YEH AKSHAR
260 _aDELHI
_bRAJPAL
300 _a159
650 _aHINDI STORY
_zDELHI
942 _cBK
999 _c4828
_d4828